00751nam a22002057a 450000500170000000800410001702000190005804100080007708000160008524501100010126400460021130000270025765300350028465300290031970000390034870000380038770000400042570000390046570000410050420240501122321.0240501s2005 enk||||| |||| 00| 0 eng d a9780198527831x aeng a616.89 O-97 aOxford Handbook of Psychiatryc David Semple, Roger Smyth, Jonathan Burns, Rajan Darjee, Andrew McIntosh. aOxford :bOxford University Press,c2005. a953 p.:bill.;c19 cm. aფსიქიატრია aმედიცინა aSemple, Davideავტორი aSmyth, Roger eავტორი aBurns, Jonathaneავტორი aDarjee, Rajan eავტორი aMcIntosh, Andreweავტორი